000 00359 a2200157 4500
001 190671
020 _a85-336-2036-5
040 _cMagnum
100 _aHearn, Lian
240 1 0 _aA saga otori: o brilho da lua
_lpor
245 1 0 _aA saga otori: o brilho da lua
300 _a356
362 0 _a2004
697 _aLITERATURA GERAL ESTRANGEIRA
942 _cBK
999 _c190671
_d190671